000 00297nam a22001337a 4500
008 170516b xxu||||| |||| 00| 0 eng d
020 _a1071905032259
041 _aeng
080 _a94
100 _a16
101 _aSHH
245 _aHISTORY OF NARRATIVE FILM
_cCOOK.D.A
942 _2udc
_cBK
999 _c13349
_d13349